| 000 -ლიდერი |
| ფიქსირებული სიგრძის საკონტროლო ველი |
01267nam a2200205Ia 4500 |
| 001 - საკონტროლო ნომერი |
| საკონტროლო ველი |
11391 |
| 003 - საკონტროლო ნომრის იდენტიფიკატორი |
| საკონტროლო ველი |
GE_BSU |
| 005 - ბოლო ოპერაციის თარიღი და დრო |
| საკონტროლო ველი |
20210407144213.0 |
| 008 - ფიქსირებული სიგრძის მონაცემთა ელემენტები - ზოგადი ინფორმაცია |
| ფიქსირებული სიგრძის საკონტროლო ველი |
181216s1935|||| |||||||||||||| ||geo|| |
| 041 ## - ენის კოდი |
| Language code of text/sound track or separate title |
geo |
| 080 ## - უნივერსალური ათობითი კლასიფიკაციის ინდექსი |
| Universal Decimal Classification number |
581.9(479.22) კ-43 |
| 100 ## - მთავარი ჩანაწერი - პიროვნების სახელი |
| Personal name |
კეცხოველი ნ. |
| 9 (RLIN) |
11150 |
| 245 ## - ცნობა სათაურის შესახებ |
| Title |
საქართველოს მცენარეულობის ძირითადი ტიპები : |
| Remainder of title |
ტექსტში 24 პატარა რუკით და სქემით და ერთი ფერადებიანი რუკით / |
| Statement of responsibility, etc |
ნ.კეცხოველი, რედ.გ. აბესაძე. |
| 264 ## - წარმოების, გამოცემის, დისტრიბუციის და სხვა ცნობები |
| გამოცემის, წარმოების, დისტრიბუციის... ადგილი |
თბილისი: |
| გამოცემის, წარმოების, დისტრიბუციის... სახელწოდება |
თბილისის სახ. უნ–ტის გამ–ბა. |
| გამოცემის, წარმოების, დისტრიბუციის... თარიღი |
1935. |
| 300 ## - ფიზიკური აღწერა |
| Extent |
XXX,438[7]გვ.: |
| Other physical details |
ილ. 1ჩ.ფ.კარტ. |
| Dimensions |
23 სმ. |
| 653 ## - INDEX TERM--UNCONTROLLED |
| Uncontrolled term |
საქართველოს მცენარეულობის ძირითადი ტიპები |
| 700 ## - ADDED ENTRY--PERSONAL NAME |
| Personal name |
აბესაძე, გ |
| Relator term |
რედაქტოერი |
| 9 (RLIN) |
1415 |
| 710 ## - ADDED ENTRY--CORPORATE NAME |
| Corporate name or jurisdiction name as entry element |
ტფილისის სახელმწიფო უნივერსიტეტის ბოტანიკის კათედრა |
| 9 (RLIN) |
11151 |
| 942 ## - ADDED ENTRY ELEMENTS (KOHA) |
| Koha item type |
წიგნი |
| Source of classification or shelving scheme |
|